| 000 | 00572nam a2200181Ia 4500 | ||
|---|---|---|---|
| 008 | 140626s9999 xx 000 0 und d | ||
| 100 | _ade Almeida Tavares, Joao Paulo. | ||
| 245 |
_aUse of the Geriatric Institutional Assessment Profile : _ban intergrative review / _cJoao Paulo de Almeida Tavares ... [et al.]. |
||
| 260 | _cc2013. | ||
| 300 | _a6 : 1, page 209 | ||
| 440 | _aResearch in Gerontological Nursing | ||
| 521 | _aNUR | ||
| 650 | _aGeriatric. | ||
| 650 | _aInstitutional assessment. | ||
| 650 | _aPatient care. | ||
| 650 | _aProfiling. | ||
| 942 | _cSE | ||
| 999 |
_c121468 _d121468 |
||